000 00250nam a22001217a 4500
008 170315b xxu||||| |||| 00| 0 eng d
041 _aeng
080 _28ED
_a611
100 _a7
101 _aSHM
245 _aPHYSIOLOGY
_cVANDER.A
942 _2udc
_cBK
999 _c7897
_d7897